[Event "Steinfurt Bezirksklasse 1516"]
[Site "Germany"]
[Date "2016.01.09"]
[Round "5.1"]
[White "Thomas, Benedikt"]
[Black "Overmeyer, Juergen"]
[Result "1-0"]
[WhiteElo "1362"]
[BlackElo "1511"]
[PlyCount "84"]
[EventDate "2015.09.05"]
[EventType "team-tourn"]
[EventRounds "9"]
[EventCountry "GER"]
[SourceTitle "EXT 2017"]
[Source "ChessBase"]
[SourceDate "2016.10.25"]
[SourceVersion "1"]
[SourceVersionDate "2016.10.25"]
[SourceQuality "1"]
[WhiteTeam "Rheine Klein Berlin III"]
[BlackTeam "Emsdetten Rochade V"]
[WhiteTeamCountry "GER"]
[BlackTeamCountry "GER"]

1. c4 Nf6 2. Nc3 e6 3. Nf3 d5 4. cxd5 Nxd5 5. e4 Nb6 6. d4 Be7 7. Be3 0-0 8. Bd3 N8d7 9. 0-0 Nf6 10. Qc2 h6 11. Rae1 Nbd7 12. h3 c5 13. Qd2 cxd4 14. Nxd4 Ne5 15. f4 Nxd3 16. Qxd3 Bc5 17. Rf3 Qb6 18. Na4 Qb4 19. Nxc5 Qxe1+ 20. Kh2 Qa5 21. e5 Nd5 22. Ne4 f5 23. Nd6 Qxa2 24. Rg3 Bd7 25. Qe2 Nxe3 26. Qxe3 Qd5 27. Nf3 Bb5 28. Nh4 Be8 29. Ng6 Bxg6 30. Rxg6 Rf7 31. Nxf7 Kxf7 32. Rg3 a6 33. Qe2 Kf8 34. Qc2 Qd7 35. Rd3 Qe7 36. Qb3 Kf7 37. Qd1 Kf8 38. Qh5 Qf7 39. Qf3 Rc8 40. Rb3 Rb8 41. Rb6 Qd7 42. Qb3 Qd5 1-0

[Event "Steinfurt Bezirksliga 1415"]
[Site "Germany"]
[Date "2014.12.20"]
[Round "5.8"]
[White "Thomas, Benedikt"]
[Black "Niering, Thorsten"]
[Result "0-1"]
[WhiteElo "1351"]
[BlackElo "1800"]
[PlyCount "88"]
[EventDate "2014.09.06"]
[EventType "team-tourn"]
[EventRounds "9"]
[EventCountry "GER"]
[SourceTitle "EXT 2016"]
[Source "ChessBase"]
[SourceDate "2015.10.08"]
[SourceVersion "1"]
[SourceVersionDate "2015.10.08"]
[SourceQuality "1"]
[WhiteTeam "Rheine Klein Berlin II"]
[BlackTeam "Steinfurt II"]
[WhiteTeamCountry "GER"]
[BlackTeamCountry "GER"]

1. c4 e6 2. Nc3 f5 3. Nf3 Nf6 4. g3 d5 5. cxd5 exd5 6. d4 c6 7. Bg2 Bd6 8. e3 Qe7 9. 0-0 0-0 10. Qc2 Nbd7 11. Nh4 Ne4 12. Bh3 g6 13. Nxe4 fxe4 14. f4 Nf6 15. Bxc8 Raxc8 16. Bd2 Qd7 17. Qd1 Qh3 18. Qe2 b6 19. Ng2 c5 20. Bc3 c4 21. Ne1 Rf7 22. Nc2 Rb7 23. Rac1 b5 24. Bb4 Bxb4 25. Nxb4 a5 26. Nc2 b4 27. b3 Rbc7 28. Rf2 Ng4 29. Rg2 cxb3 30. axb3 Rc3 31. Qb5 Nxe3 32. Rf2 Qe6 33. Nxe3 Rxc1+ 34. Kg2 Qc6 35. Qxa5 Rc3 36. Nxd5 e3 37. Kf1 Rc1+ 38. Ke2 Qc2+ 39. Kf3 Qxf2+ 40. Kg4 Qe2+ 41. Kg5 Qh5+ 42. Kf6 Qf5+ 43. Ke7 Qf7+ 44. Kd6 R1c6+ 0-1

[Event "Steinfurt Bezirksliga 1314"]
[Site "Germany"]
[Date "2013.12.14"]
[Round "4.8"]
[White "Thomas, Benedikt"]
[Black "Dehler, Markus"]
[Result "0-1"]
[WhiteElo "1385"]
[BlackElo "1574"]
[PlyCount "62"]
[EventDate "2013.09.14"]
[EventType "team-tourn"]
[EventRounds "9"]
[EventCountry "GER"]
[SourceTitle "EXT 2015"]
[Source "ChessBase"]
[SourceDate "2014.11.20"]
[SourceVersion "1"]
[SourceVersionDate "2014.11.20"]
[SourceQuality "1"]
[WhiteTeam "Rheine Klein Berlin II"]
[BlackTeam "Steinfurt II"]
[WhiteTeamCountry "GER"]
[BlackTeamCountry "GER"]

1. c4 c6 2. Nc3 Nf6 3. Nf3 d5 4. cxd5 cxd5 5. e3 e6 6. Be2 Nc6 7. d4 Bd6 8. 0-0 0-0 9. a3 a6 10. Ne1 e5 11. dxe5 Bxe5 12. Nf3 Bxc3 13. bxc3 Be6 14. Qc2 Rc8 15. Bb2 Na5 16. Rfd1 Qe7 17. Ne5 Ne4 18. Qa4 Nc6 19. c4 Nxe5 20. Bxe5 Bd7 21. Qc2 Qxe5 22. Rxd5 Qxd5 23. Rd1 Qe6 24. Rd4 Bc6 25. Bd3 Nf6 26. Bf5 Qe7 27. Rh4 h6 28. g4 Be4 29. Qd2 Bxf5 30. gxf5 Qe5 31. e4 Rcd8 0-1

[Event "Steinfurt Bezirksliga 1314"]
[Site "Germany"]
[Date "2013.11.09"]
[Round "3.7"]
[White "Thomas, Benedikt"]
[Black "Merschkoetter, Peter"]
[Result "0-1"]
[WhiteElo "1385"]
[BlackElo "1618"]
[PlyCount "88"]
[EventDate "2013.09.14"]
[EventType "team-tourn"]
[EventRounds "9"]
[EventCountry "GER"]
[SourceTitle "EXT 2015"]
[Source "ChessBase"]
[SourceDate "2014.11.20"]
[SourceVersion "1"]
[SourceVersionDate "2014.11.20"]
[SourceQuality "1"]
[WhiteTeam "Rheine Klein Berlin II"]
[BlackTeam "Reckenfeld"]
[WhiteTeamCountry "GER"]
[BlackTeamCountry "GER"]

1. d4 d5 2. c4 c6 3. e3 Nf6 4. Nc3 e6 5. Nf3 h6 6. a3 Bd6 7. c5 Bc7 8. b4 a6 9. Bd3 Nbd7 10. Bb2 e5 11. dxe5 Nxe5 12. Nxe5 Bxe5 13. f4 Bc7 14. 0-0 0-0 15. e4 Bg4 16. Be2 Bxe2 17. Qxe2 Nxe4 18. Nxe4 dxe4 19. Qxe4 Re8 20. Qc4 Qd2 21. Qc3 Qxc3 22. Bxc3 Re3 23. Bb2 Re2 24. Rf2 Rxf2 25. Kxf2 Bxf4 26. g3 Bc7 27. Rd1 Rd8 28. Rxd8+ Bxd8 29. Kf3 Kf8 30. Kf4 f6 31. Ke4 Ke7 32. a4 Ke6 33. Kd4 g6 34. Kc4 b5+ 35. cxb6 Bxb6 36. Bd4 Bxd4 37. Kxd4 Kd6 38. h4 f5 39. Ke3 g5 40. h5 Ke5 41. Kf3 Kd4 42. g4 f4 43. Ke2 Kc4 44. b5 cxb5 0-1

[Event "Steinfurt Bezirk-ch 1314"]
[Site "Rheine"]
[Date "2013.??.??"]
[Round "1"]
[White "Kornick, Ulrich"]
[Black "Thomas, Benedikt"]
[Result "1-0"]
[WhiteElo "1946"]
[BlackElo "1368"]
[PlyCount "143"]
[EventDate "2013.??.??"]
[EventType "swiss"]
[EventRounds "6"]
[EventCountry "GER"]
[SourceTitle "EXT 2015"]
[Source "ChessBase"]
[SourceDate "2014.11.20"]
[SourceVersion "1"]
[SourceVersionDate "2014.11.20"]
[SourceQuality "1"]

1. d4 d5 2. Nf3 Nc6 3. Bf4 Nf6 4. e3 a6 5. h3 e6 6. a3 h6 7. c4 Bd6 8. Bxd6 cxd6 9. cxd5 Nxd5 10. Nc3 Nxc3 11. bxc3 Qa5 12. Qb3 d5 13. Bd3 0-0 14. 0-0 Rb8 15. e4 dxe4 16. Bxe4 Bd7 17. Rfe1 b5 18. Bb1 b4 19. Qc2 f5 20. Ba2 bxc3 21. Bxe6+ Bxe6 22. Rxe6 Qd5 23. Qa2 Qxa2 24. Rxa2 Rb2 25. Ra1 c2 26. Rc1 Rb1 27. Ree1 Rd8 28. Rxb1 cxb1Q 29. Rxb1 Nxd4 30. Rb6 a5 31. Ne5 Nc2 32. Nc4 Rc8 33. Nd6 Rc5 34. a4 Nb4 35. Rb8+ Kh7 36. Ra8 Nd3 37. g3 Nb2 38. Nb7 Rd5 39. Nxa5 Nxa4 40. Nc6 Nc3 41. h4 Ne4 42. Ra2 Rd6 43. Ne7 Rf6 44. Ra5 Nd6 45. h5 Rf7 46. Ng6 Rc7 47. Rd5 Nf7 48. Rxf5 Nh8 49. Nf4 g6 50. hxg6+ Nxg6 51. Nh5 Ne7 52. Rf8 Kg6 53. g4 Kg5 54. f3 Rc3 55. Kf2 Kg6 56. Kg3 Nd5 57. Kh4 Rc1 58. f4 Rh1+ 59. Kg3 Rg1+ 60. Kh3 Rh1+ 61. Kg2 Rh4 62. f5+ Kh7 63. Kg3 Rh1 64. Rd8 Ne3 65. Kf4 Ng2+ 66. Ke5 Ne3 67. Kf4 Ng2+ 68. Ke5 Ne3 69. Nf6+ Kg7 70. Rd7+ Kf8 71. Ke6 Re1 72. Rf7# 1-0

[Event "Muensterland Verbandsklasse-B 1213"]
[Site "Germany"]
[Date "2012.10.20"]
[Round "2.8"]
[White "Thomas, Benedikt"]
[Black "Gemsa, Michael"]
[Result "1/2-1/2"]
[WhiteElo "1373"]
[BlackElo "1447"]
[PlyCount "40"]
[EventDate "2012.09.15"]
[EventType "team-tourn"]
[EventRounds "9"]
[EventCountry "GER"]
[SourceTitle "EXT 2015"]
[Source "ChessBase"]
[SourceDate "2014.11.20"]
[SourceVersion "1"]
[SourceVersionDate "2014.11.20"]
[SourceQuality "1"]
[WhiteTeam "Rheine Klein Berlin II"]
[BlackTeam "Gescher"]
[WhiteTeamCountry "GER"]
[BlackTeamCountry "GER"]

1. f4 g6 2. e4 Bg7 3. Nc3 c6 4. Nf3 d5 5. Bd3 Nh6 6. h3 dxe4 7. Bxe4 Nf5 8. Bxf5 Bxf5 9. Ne2 Qd6 10. d4 Nd7 11. 0-0 0-0 12. Ng3 Nf6 13. c3 Ne4 14. Nxf5 gxf5 15. g4 Qh6 16. Kg2 fxg4 17. hxg4 Qe6 18. Nh2 f5 19. g5 Qg6 20. Nf3 Qh5 1/2-1/2